[Event "WCO2014"]
[Site "Tromso"]
[Date "2014.08.03"]
[Round "2.42"]
[WhiteID "12506540"]
[White "Hakimifard Ghazal"]
[BlackID "15000141"]
[Black "Bejatovic Bojana"]
[Result "1-0"]
[LiveChessVersion "1.4.3"]
[BlackElo "1980"]
[WhiteElo "2232"]

1. e4 {[%clk 1:30:56]} Nf6 {[%clk 1:30:46]} 2. e5 {[%clk 1:31:20]} Nd5
{[%clk 1:31:13]} 3. d4 {[%clk 1:31:42]} d6 {[%clk 1:31:36]} 4. c4
{[%clk 1:32:03]} Nb6 {[%clk 1:32:02]} 5. exd6 {[%clk 1:32:22]} exd6
{[%clk 1:32:09]} 6. Nc3 {[%clk 1:32:39]} Nc6 {[%clk 1:32:22]} 7. Nf3
{[%clk 1:32:50]} Bg4 {[%clk 1:31:48]} 8. Be2 {[%clk 1:32:32]} Be7
{[%clk 1:32:01]} 9. d5 {[%clk 1:32:39]} Bxf3 {[%clk 1:28:31]} 10. Bxf3
{[%clk 1:33:03]} Ne5 {[%clk 1:28:26]} 11. Be2 {[%clk 1:33:16]} O-O
{[%clk 1:27:13]} 12. b3 {[%clk 1:33:37]} Bf6 {[%clk 1:25:48]} 13. Bb2
{[%clk 1:33:57]} Ng6 {[%clk 1:21:50]} 14. O-O {[%clk 1:30:19]} Nd7
{[%clk 1:18:13]} 15. Qd2 {[%clk 1:25:41]} Re8 {[%clk 1:13:44]} 16. Rfe1
{[%clk 1:22:39]} a5 {[%clk 1:08:17]} 17. Bf1 {[%clk 1:19:52]} Nc5
{[%clk 1:03:31]} 18. Qc2 {[%clk 1:10:24]} Qd7 {[%clk 0:58:37]} 19. Rad1
{[%clk 1:07:13]} Re7 {[%clk 0:46:21]} 20. a3 {[%clk 1:01:55]} Rae8
{[%clk 0:42:21]} 21. Rxe7 {[%clk 1:00:53]} Rxe7 {[%clk 0:37:01]} 22. b4
{[%clk 0:58:26]} axb4 {[%clk 0:37:16]} 23. axb4 {[%clk 0:58:51]} Na6
{[%clk 0:37:25]} 24. Ba3 {[%clk 0:56:33]} Qe8 {[%clk 0:27:50]} 25. Qc1
{[%clk 0:49:27]} Nb8 {[%clk 0:16:40]} 26. c5 {[%clk 0:48:17]} Be5
{[%clk 0:16:21]} 27. g3 {[%clk 0:47:15]} f5 {[%clk 0:14:42]} 28. Nb5
{[%clk 0:43:56]} f4 {[%clk 0:11:49]} 29. cxd6 {[%clk 0:41:11]} cxd6
{[%clk 0:10:36]} 30. Nc7 {[%clk 0:39:53]} Qf7 {[%clk 0:09:19]} 31. Ne6
{[%clk 0:39:39]} fxg3 {[%clk 0:09:16]} 32. hxg3 {[%clk 0:37:41]} Nd7
{[%clk 0:06:11]} 33. Bh3 {[%clk 0:33:27]} Nf6 {[%clk 0:03:04]} 34. Ng5
{[%clk 0:28:19]} Qe8 {[%clk 0:02:55]} 35. Be6+ {[%clk 0:28:39]} Kh8
{[%clk 0:02:06]} 36. f4 {[%clk 0:28:54]} h6 {[%clk 0:01:31]} 37. fxe5
{[%clk 0:26:58]} Nxe5 {[%clk 0:01:59]} 38. Nh3 {[%clk 0:23:43]} Qg6
{[%clk 0:01:42]} 39. Qf4 {[%clk 0:23:10]} Qh5 {[%clk 0:01:06]} 40. Rc1
{[%clk 0:22:57]} Rxe6 {[%clk 0:00:51]} 41. dxe6 {[%clk 0:22:56]} Qxh3
{[%clk 0:01:11]} 42. e7 {[%clk 0:21:53]} Nd3 {[%clk 0:28:12]} 43. Qxf6
{[%clk 0:47:49]} Qxg3+ {[%clk 0:28:35]} 44. Kf1 {[%clk 0:48:14]} Qh3+
{[%clk 0:28:45]} 45. Ke2 {[%clk 0:48:37]} Nxc1+ {[%clk 0:27:53]} 46. Bxc1
{[%clk 0:49:04]} gxf6 {[%clk 0:26:44]} 47. e8=Q+ {[%clk 0:49:28]} Kg7
{[%clk 0:27:04]} 48. Qe7+ {[%clk 0:49:53]} Kg6 {[%clk 0:26:48]} 49. Qe4+
{[%clk 0:49:55]} Qf5 {[%clk 0:25:02]} 50. Qg2+ {[%clk 0:49:27]} Kh5
{[%clk 0:24:22]} 51. Qxb7 {[%clk 0:49:27]} Qc2+ {[%clk 0:23:30]} 52. Bd2
{[%clk 0:49:50]} Qc4+ {[%clk 0:23:52]} 53. Ke3 {[%clk 0:49:26]} d5
{[%clk 0:17:23]} 54. Qf7+ {[%clk 0:48:04]} Kg5 {[%clk 0:17:45]} 55. Kf3+
{[%clk 0:45:48]} Kf5 {[%clk 0:18:08]} 56. Qd7+ {[%clk 0:46:01]} Ke5
{[%clk 0:18:00]} 57. Qe7+ {[%clk 0:42:30]} Kf5 {[%clk 0:18:20]} 58. Qe2
{[%clk 0:37:40]} Qg4+ {[%clk 0:16:51]} 59. Kf2 {[%clk 0:37:59]} Qh4+
{[%clk 0:15:12]} 60. Kg2 {[%clk 0:38:22]} Kg6 {[%clk 0:13:32]} 61. b5
{[%clk 0:38:17]} Qd4 {[%clk 0:12:18]} 62. Qe3 {[%clk 0:38:20]} Qb2
{[%clk 0:11:43]} 63. Qd3+ {[%clk 0:38:40]} f5 {[%clk 0:10:52]} 64. Qxd5
{[%clk 0:39:04]} f4 {[%clk 0:10:31]} 65. Qd6+ {[%clk 0:39:13]} Kh7
{[%clk 0:10:26]} 66. b6 {[%clk 0:39:37]} Qg7+ {[%clk 0:10:51]} 67. Kf1
{[%clk 0:39:49]} Qa1+ {[%clk 0:09:32]} 68. Kf2 {[%clk 0:40:14]} Qb2
{[%clk 0:09:27]} 69. Qd7+ {[%clk 0:40:29]} Kg6 {[%clk 0:09:36]} 70. b7
{[%clk 0:40:51]} 1-0

[Event "WCO2014"]
[Site "Tromso"]
[Date "2014.08.03"]
[Round "2.41"]
[WhiteID "15000133"]
[White "Nikolovska Dragana"]
[BlackID "12512230"]
[Black "Asgarizadeh Minoo"]
[Result "0-1"]
[LiveChessVersion "1.4.3"]
[BlackElo "2147"]
[WhiteElo "1893"]

1. e4 {[%clk 1:30:54]} g6 {[%clk 1:30:44]} 2. d4 {[%clk 1:31:07]} Bg7
{[%clk 1:31:09]} 3. Nc3 {[%clk 1:31:22]} d6 {[%clk 1:31:34]} 4. Bg5
{[%clk 1:31:24]} a6 {[%clk 1:31:42]} 5. Qd2 {[%clk 1:27:51]} b5 {[%clk 1:32:05]}
6. a3 {[%clk 1:25:41]} Bb7 {[%clk 1:31:34]} 7. Nf3 {[%clk 1:20:30]} Nd7
{[%clk 1:31:10]} 8. Bd3 {[%clk 1:08:50]} c5 {[%clk 1:24:14]} 9. d5
{[%clk 1:01:59]} h6 {[%clk 1:14:26]} 10. Be3 {[%clk 0:57:30]} Ngf6
{[%clk 1:14:36]} 11. h3 {[%clk 0:53:42]} Qc7 {[%clk 1:11:54]} 12. O-O
{[%clk 0:52:19]} c4 {[%clk 1:10:00]} 13. Be2 {[%clk 0:52:23]} Nc5
{[%clk 1:10:21]} 14. Bxc5 {[%clk 0:45:53]} Qxc5 {[%clk 1:10:15]} 15. Rad1
{[%clk 0:39:19]} O-O {[%clk 1:01:41]} 16. Nd4 {[%clk 0:35:10]} Bc8
{[%clk 0:46:21]} 17. Nc6 {[%clk 0:29:08]} Re8 {[%clk 0:43:32]} 18. Bf3
{[%clk 0:25:51]} Nd7 {[%clk 0:35:47]} 19. Rfe1 {[%clk 0:22:59]} Qb6
{[%clk 0:30:38]} 20. e5 {[%clk 0:11:41]} Nxe5 {[%clk 0:27:01]} 21. Nxe5
{[%clk 0:11:56]} dxe5 {[%clk 0:25:33]} 22. d6 {[%clk 0:12:19]} Bb7
{[%clk 0:20:15]} 23. d7 {[%clk 0:09:57]} Red8 {[%clk 0:20:00]} 24. Nd5
{[%clk 0:08:47]} Bxd5 {[%clk 0:19:37]} 25. Qxd5 {[%clk 0:03:57]} Ra7
{[%clk 0:19:15]} 26. Qd2 {[%clk 0:00:59]} Qe6 {[%clk 0:15:34]} 27. Qa5
{[%clk 0:00:12]} Rdxd7 {[%clk 0:15:20]} 28. Rxd7 {[%clk 0:00:38]} Rxd7
{[%clk 0:15:17]} 29. Rd1 {[%clk 0:00:55]} Rxd1+ {[%clk 0:15:06]} 30. Bxd1
{[%clk 0:01:24]} Qd6 {[%clk 0:14:21]} 31. Bf3 {[%clk 0:01:27]} e4
{[%clk 0:11:58]} 32. Bxe4 {[%clk 0:01:32]} Qd1+ {[%clk 0:10:57]} 33. Kh2
{[%clk 0:01:50]} Be5+ {[%clk 0:11:19]} 34. g3 {[%clk 0:02:04]} Qe2
{[%clk 0:11:07]} 35. Bg2 {[%clk 0:00:54]} Qxf2 {[%clk 0:11:13]} 36. Qd8+
{[%clk 0:00:33]} Kg7 {[%clk 0:11:31]} 37. Qd1 {[%clk 0:00:37]} Qxg3+
{[%clk 0:11:22]} 38. Kg1 {[%clk 0:01:00]} Qe3+ {[%clk 0:11:29]} 39. Kh1
{[%clk 0:01:03]} Bxb2 {[%clk 0:11:28]} 0-1

[Event "WCO2014"]
[Site "Tromso"]
[Date "2014.08.03"]
[Round "2.17"]
[WhiteID "6700233"]
[White "Zepeda Lorena"]
[BlackID "13401521"]
[Black "Mamedjarova Zeinab"]
[Result "0-1"]
[LiveChessVersion "1.4.3"]
[BlackElo "2229"]
[WhiteElo "2158"]

1. e4 {[%clk 1:30:57]} d6 {[%clk 1:30:50]} 2. d4 {[%clk 1:31:21]} Nf6
{[%clk 1:31:15]} 3. Nc3 {[%clk 1:31:44]} Nbd7 {[%clk 1:31:41]} 4. Nf3
{[%clk 1:31:34]} e5 {[%clk 1:31:59]} 5. Bc4 {[%clk 1:31:41]} Be7 {[%clk 1:32:19]}
6. O-O {[%clk 1:31:53]} O-O {[%clk 1:32:33]} 7. h3 {[%clk 1:30:41]} c6
{[%clk 1:32:30]} 8. a4 {[%clk 1:30:53]} b6 {[%clk 1:31:28]} 9. Re1
{[%clk 1:29:46]} Bb7 {[%clk 1:31:28]} 10. Ba2 {[%clk 1:28:36]} exd4
{[%clk 1:27:47]} 11. Nxd4 {[%clk 1:26:44]} Re8 {[%clk 1:28:07]} 12. Nf5
{[%clk 1:24:27]} Ne5 {[%clk 1:26:44]} 13. Nxe7+ {[%clk 1:00:56]} Qxe7
{[%clk 1:26:47]} 14. Bg5 {[%clk 1:00:28]} h6 {[%clk 1:25:15]} 15. Bh4
{[%clk 0:59:39]} Rad8 {[%clk 1:24:39]} 16. Qe2 {[%clk 0:55:53]} Bc8
{[%clk 1:03:09]} 17. Rad1 {[%clk 0:45:12]} Ng6 {[%clk 0:57:24]} 18. Bg3
{[%clk 0:43:11]} Be6 {[%clk 0:56:54]} 19. Bxe6 {[%clk 0:40:22]} Qxe6
{[%clk 0:56:28]} 20. Qa6 {[%clk 0:37:41]} Rd7 {[%clk 0:42:11]} 21. a5
{[%clk 0:35:21]} Rb8 {[%clk 0:42:25]} 22. Na4 {[%clk 0:27:28]} Nh5
{[%clk 0:33:52]} 23. axb6 {[%clk 0:20:00]} Nxg3 {[%clk 0:32:59]} 24. fxg3
{[%clk 0:19:02]} Qe7 {[%clk 0:23:41]} 25. Ra1 {[%clk 0:11:53]} axb6
{[%clk 0:16:44]} 26. Nxb6 {[%clk 0:10:35]} Rdb7 {[%clk 0:17:07]} 27. Na4
{[%clk 0:06:29]} Rb4 {[%clk 0:09:31]} 28. Qxc6 {[%clk 0:03:41]} Ne5
{[%clk 0:09:53]} 29. Qd5 {[%clk 0:03:43]} Qa7+ {[%clk 0:08:00]} 30. Kh2
{[%clk 0:03:42]} Rxa4 {[%clk 0:04:51]} 31. Qxd6 {[%clk 0:02:56]} Rb5
{[%clk 0:03:30]} 32. Rxa4 {[%clk 0:01:59]} Qxa4 {[%clk 0:03:55]} 33. b3
{[%clk 0:01:35]} Qb4 {[%clk 0:02:38]} 34. Qd8+ {[%clk 0:01:25]} Kh7
{[%clk 0:02:50]} 35. Re2 {[%clk 0:01:23]} Ra5 {[%clk 0:00:58]} 36. Rd2
{[%clk 0:00:52]} Ra1 {[%clk 0:00:50]} 37. g4 {[%clk 0:00:41]} Qxe4
{[%clk 0:00:58]} 38. Qd4 {[%clk 0:00:37]} Qxd4 {[%clk 0:00:36]} 39. Rxd4
{[%clk 0:01:02]} Ra2 {[%clk 0:00:47]} 40. Re4 {[%clk 0:00:57]} f6
{[%clk 0:00:53]} 41. c4 {[%clk 0:23:03]} Rb2 {[%clk 0:25:04]} 42. Re3
{[%clk 0:21:48]} Kg6 {[%clk 0:21:52]} 43. Rc3 {[%clk 0:18:43]} Kf7
{[%clk 0:22:01]} 44. c5 {[%clk 0:17:39]} Ke7 {[%clk 0:21:37]} 45. c6
{[%clk 0:15:20]} Kd8 {[%clk 0:22:02]} 46. c7+ {[%clk 0:15:42]} Kc8
{[%clk 0:22:29]} 47. Kg3 {[%clk 0:15:59]} g5 {[%clk 0:19:51]} 48. Kh2
{[%clk 0:15:26]} Rd2 {[%clk 0:19:37]} 49. Rc1 {[%clk 0:13:49]} Rd7
{[%clk 0:19:03]} 50. Rf1 {[%clk 0:13:00]} Rd6 {[%clk 0:19:25]} 51. Rc1
{[%clk 0:12:42]} Rc6 {[%clk 0:19:37]} 52. Ra1 {[%clk 0:12:46]} Kb7
{[%clk 0:17:45]} 53. Rd1 {[%clk 0:11:45]} Kxc7 {[%clk 0:18:05]} 54. Ra1
{[%clk 0:11:24]} Kd6 {[%clk 0:16:55]} 55. Ra8 {[%clk 0:10:34]} Ng6
{[%clk 0:16:56]} 56. Ra2 {[%clk 0:06:22]} Nf4 {[%clk 0:16:28]} 57. g3
{[%clk 0:05:19]} Nd5 {[%clk 0:16:08]} 58. h4 {[%clk 0:02:48]} Ne3
{[%clk 0:15:21]} 59. Rd2+ {[%clk 0:02:20]} Ke5 {[%clk 0:15:30]} 60. Re2
{[%clk 0:01:57]} Rc2 {[%clk 0:15:19]} 61. Rxc2 {[%clk 0:01:56]} Nxc2
{[%clk 0:15:40]} 62. hxg5 {[%clk 0:01:11]} hxg5 {[%clk 0:16:06]} 63. Kg2
{[%clk 0:01:23]} Ke4 {[%clk 0:16:24]} 0-1

[Event "WCO2014"]
[Site "Tromso"]
[Date "2014.08.03"]
[Round "2.18"]
[WhiteID "13403508"]
[White "Mammadova Gulnar"]
[BlackID "6700217"]
[Black "Sanchez Ingrid"]
[Result "1-0"]
[LiveChessVersion "1.4.3"]
[BlackElo "2020"]
[WhiteElo "2334"]

1. e4 {[%clk 1:30:56]} c5 {[%clk 1:30:43]} 2. Nf3 {[%clk 1:31:13]} d6
{[%clk 1:31:01]} 3. d4 {[%clk 1:31:19]} cxd4 {[%clk 1:31:25]} 4. Qxd4
{[%clk 1:31:38]} a6 {[%clk 1:31:48]} 5. c4 {[%clk 1:31:41]} Nc6 {[%clk 1:32:08]}
6. Qd2 {[%clk 1:32:04]} g6 {[%clk 1:32:11]} 7. b3 {[%clk 1:32:02]} Bg7
{[%clk 1:31:38]} 8. Nc3 {[%clk 1:31:47]} Nf6 {[%clk 1:31:36]} 9. Bb2
{[%clk 1:32:11]} O-O {[%clk 1:31:42]} 10. h3 {[%clk 1:31:15]} Qa5
{[%clk 1:26:16]} 11. Bd3 {[%clk 1:31:05]} Bd7 {[%clk 1:26:15]} 12. O-O
{[%clk 1:30:05]} Ne5 {[%clk 1:22:56]} 13. Nxe5 {[%clk 1:27:44]} dxe5
{[%clk 1:23:04]} 14. Rfd1 {[%clk 1:25:38]} Rfd8 {[%clk 1:21:56]} 15. Qe3
{[%clk 1:23:14]} e6 {[%clk 1:18:35]} 16. a3 {[%clk 1:21:27]} Rac8
{[%clk 1:13:37]} 17. b4 {[%clk 1:19:20]} Qc7 {[%clk 1:13:53]} 18. Rac1
{[%clk 1:18:47]} Be8 {[%clk 1:06:58]} 19. c5 {[%clk 1:15:21]} Nh5
{[%clk 1:03:29]} 20. g3 {[%clk 1:13:32]} Kh8 {[%clk 1:03:01]} 21. Be2
{[%clk 1:09:07]} Nf6 {[%clk 1:02:40]} 22. Nb1 {[%clk 1:08:08]} Ba4
{[%clk 0:59:43]} 23. Rxd8+ {[%clk 1:07:27]} Rxd8 {[%clk 1:00:05]} 24. Nd2
{[%clk 1:07:19]} Ng8 {[%clk 0:47:43]} 25. Nc4 {[%clk 1:04:09]} Bb5
{[%clk 0:45:47]} 26. Nd6 {[%clk 1:02:26]} Bxe2 {[%clk 0:44:01]} 27. Qxe2
{[%clk 1:02:52]} h5 {[%clk 0:41:46]} 28. Rd1 {[%clk 1:01:05]} Kh7
{[%clk 0:39:36]} 29. Kg2 {[%clk 0:56:03]} Nh6 {[%clk 0:38:08]} 30. Nc4
{[%clk 0:52:15]} f6 {[%clk 0:32:54]} 31. Rxd8 {[%clk 0:38:37]} Qxd8
{[%clk 0:33:09]} 32. Na5 {[%clk 0:38:49]} Qd7 {[%clk 0:32:14]} 33. c6
{[%clk 0:35:30]} bxc6 {[%clk 0:31:01]} 34. Bc1 {[%clk 0:33:49]} Nf7
{[%clk 0:26:45]} 35. Qxa6 {[%clk 0:34:01]} Nd8 {[%clk 0:21:48]} 36. Be3
{[%clk 0:33:59]} Bf8 {[%clk 0:21:28]} 37. Bb6 {[%clk 0:33:04]} Nf7
{[%clk 0:21:45]} 38. Qa7 {[%clk 0:32:32]} Qe8 {[%clk 0:19:43]} 39. Qc7
{[%clk 0:32:04]} Kg8 {[%clk 0:19:16]} 40. Qxc6 {[%clk 0:29:48]} Qxc6
{[%clk 0:19:28]} 41. Nxc6 {[%clk 0:30:16]} Nd6 {[%clk 0:19:50]} 42. a4
{[%clk 0:30:13]} Nc4 {[%clk 0:18:21]} 43. a5 {[%clk 0:30:07]} Kf7
{[%clk 0:18:06]} 44. Be3 {[%clk 0:29:20]} 1-0

[Event "WCO2014"]
[Site "Tromso"]
[Date "2014.08.03"]
[Round "2.19"]
[WhiteID "6700667"]
[White "Avelar Gabriela"]
[BlackID "13401807"]
[Black "Abdulla Khayala"]
[Result "0-1"]
[LiveChessVersion "1.4.3"]
[BlackElo "2286"]
[WhiteElo "1903"]

1. e4 {[%clk 1:30:57]} c5 {[%clk 1:30:51]} 2. Nf3 {[%clk 1:31:21]} e6
{[%clk 1:31:17]} 3. d4 {[%clk 1:31:46]} cxd4 {[%clk 1:31:32]} 4. Nxd4
{[%clk 1:32:10]} Nc6 {[%clk 1:31:27]} 5. Nc3 {[%clk 1:31:13]} Qc7
{[%clk 1:31:51]} 6. Be2 {[%clk 1:31:20]} Nf6 {[%clk 1:31:30]} 7. O-O
{[%clk 1:30:42]} a6 {[%clk 1:31:12]} 8. Be3 {[%clk 1:30:04]} Bb4 {[%clk 1:31:22]}
9. Na4 {[%clk 1:28:15]} Be7 {[%clk 1:31:31]} 10. Nxc6 {[%clk 1:26:29]} bxc6
{[%clk 1:31:54]} 11. Nb6 {[%clk 1:24:23]} Rb8 {[%clk 1:32:19]} 12. Nxc8
{[%clk 1:24:39]} Qxc8 {[%clk 1:32:46]} 13. Qd3 {[%clk 1:18:49]} Rxb2
{[%clk 1:26:01]} 14. Bd4 {[%clk 1:17:59]} Rb4 {[%clk 1:23:00]} 15. c3
{[%clk 1:07:11]} Ra4 {[%clk 1:19:56]} 16. Qg3 {[%clk 0:53:01]} O-O
{[%clk 1:13:53]} 17. e5 {[%clk 0:49:55]} Nd5 {[%clk 1:06:50]} 18. c4
{[%clk 0:45:42]} f5 {[%clk 0:48:56]} 19. Bb2 {[%clk 0:37:07]} Nb6
{[%clk 0:44:47]} 20. Qb3 {[%clk 0:30:21]} Bc5 {[%clk 0:39:45]} 21. Rfd1
{[%clk 0:25:58]} Qc7 {[%clk 0:38:40]} 22. Kh1 {[%clk 0:17:24]} Ra5
{[%clk 0:26:12]} 23. f4 {[%clk 0:15:41]} Na4 {[%clk 0:23:37]} 24. Bd4
{[%clk 0:14:05]} Bxd4 {[%clk 0:22:32]} 25. Rxd4 {[%clk 0:14:29]} Nc5
{[%clk 0:22:38]} 26. Qc2 {[%clk 0:13:24]} Ra3 {[%clk 0:19:17]} 27. Qb2
{[%clk 0:11:41]} Qa5 {[%clk 0:18:54]} 28. Rdd1 {[%clk 0:11:22]} Re3
{[%clk 0:14:49]} 29. Rac1 {[%clk 0:07:15]} Na4 {[%clk 0:12:03]} 30. Qd2
{[%clk 0:06:32]} Qxd2 {[%clk 0:11:46]} 31. Rxd2 {[%clk 0:06:56]} Rb8
{[%clk 0:11:46]} 32. Kg1 {[%clk 0:05:58]} Nc5 {[%clk 0:11:15]} 33. Bf3
{[%clk 0:05:15]} Rb4 {[%clk 0:07:00]} 34. Kf2 {[%clk 0:04:09]} Ra3
{[%clk 0:06:08]} 35. Rcc2 {[%clk 0:02:43]} Nd3+ {[%clk 0:05:42]} 36. Kg3
{[%clk 0:02:27]} g5 {[%clk 0:05:28]} 37. fxg5 {[%clk 0:02:16]} Nxe5
{[%clk 0:05:49]} 38. Kf2 {[%clk 0:02:28]} Nd3+ {[%clk 0:05:09]} 39. Ke2
{[%clk 0:02:19]} Nc5 {[%clk 0:04:47]} 40. h4 {[%clk 0:01:51]} e5 {[%clk 0:04:52]}
41. Kf1 {[%clk 0:01:10]} Raa4 {[%clk 0:03:38]} 42. Be2 {[%clk 0:30:20]} Rb1+
{[%clk 0:32:11]} 43. Rd1 {[%clk 0:30:33]} Rxd1+ {[%clk 0:30:35]} 44. Bxd1
{[%clk 0:30:58]} Rb4 {[%clk 0:29:55]} 45. Bf3 {[%clk 0:26:36]} Ne6
{[%clk 0:28:27]} 46. Ke1 {[%clk 0:23:23]} Nd4 {[%clk 0:28:26]} 47. Rc3
{[%clk 0:22:33]} Rb2 {[%clk 0:28:32]} 48. a3 {[%clk 0:21:32]} e4 {[%clk 0:28:49]}
49. Bh5 {[%clk 0:20:43]} Rxg2 {[%clk 0:28:58]} 50. Be8 {[%clk 0:19:44]} f4
{[%clk 0:28:56]} 0-1

[Event "WCO2014"]
[Site "Tromso"]
[Date "2014.08.03"]
[Round "2.20"]
[WhiteID "13402005"]
[White "Mamedjarova Turkan"]
[BlackID "6700705"]
[Black "Melendez Gabriela"]
[Result "1-0"]
[LiveChessVersion "1.4.3"]
[BlackElo "1877"]
[WhiteElo "2274"]

1. d4 {[%clk 1:30:53]} Nf6 {[%clk 1:30:54]} 2. Nf3 {[%clk 1:31:09]} d5
{[%clk 1:30:28]} 3. c4 {[%clk 1:31:29]} e6 {[%clk 1:30:41]} 4. Nc3
{[%clk 1:31:15]} Bb4 {[%clk 1:30:49]} 5. e3 {[%clk 1:31:04]} O-O {[%clk 1:28:35]}
6. Bd3 {[%clk 1:29:30]} b6 {[%clk 1:25:52]} 7. O-O {[%clk 1:29:23]} Ba6
{[%clk 1:26:12]} 8. cxd5 {[%clk 1:28:58]} Bxd3 {[%clk 1:23:54]} 9. Qxd3
{[%clk 1:29:22]} Bxc3 {[%clk 1:23:41]} 10. bxc3 {[%clk 1:29:06]} exd5
{[%clk 1:23:17]} 11. Ba3 {[%clk 1:28:32]} Re8 {[%clk 1:23:37]} 12. Rac1
{[%clk 1:27:10]} Nbd7 {[%clk 1:21:27]} 13. c4 {[%clk 1:24:11]} c6
{[%clk 1:21:40]} 14. Rc2 {[%clk 1:22:25]} Ne4 {[%clk 1:14:58]} 15. cxd5
{[%clk 1:06:04]} cxd5 {[%clk 1:15:10]} 16. Qb5 {[%clk 1:06:12]} Nf8
{[%clk 1:04:16]} 17. Ne5 {[%clk 0:56:40]} Ng6 {[%clk 1:01:52]} 18. Nxg6
{[%clk 0:43:40]} hxg6 {[%clk 1:02:09]} 19. Rfc1 {[%clk 0:43:52]} Qg5
{[%clk 1:00:14]} 20. Qd7 {[%clk 0:36:00]} Nf6 {[%clk 0:53:02]} 21. Qh3
{[%clk 0:26:49]} Ng4 {[%clk 0:43:51]} 22. Qg3 {[%clk 0:22:57]} Qf5
{[%clk 0:44:03]} 23. h3 {[%clk 0:22:53]} Nf6 {[%clk 0:43:12]} 24. Qc7
{[%clk 0:19:57]} g5 {[%clk 0:37:43]} 25. Be7 {[%clk 0:15:39]} Ne4
{[%clk 0:34:02]} 26. f3 {[%clk 0:14:07]} Qe6 {[%clk 0:33:44]} 27. Bb4
{[%clk 0:13:39]} Nf6 {[%clk 0:32:53]} 28. Bd2 {[%clk 0:13:54]} Re7
{[%clk 0:26:24]} 29. Qc3 {[%clk 0:13:25]} g4 {[%clk 0:20:24]} 30. hxg4
{[%clk 0:13:14]} Ne8 {[%clk 0:20:50]} 31. Qc6 {[%clk 0:12:27]} Rd8
{[%clk 0:19:24]} 32. Kf2 {[%clk 0:09:29]} Nd6 {[%clk 0:19:41]} 33. Rh1
{[%clk 0:06:34]} Rc8 {[%clk 0:15:38]} 34. Qa4 {[%clk 0:06:32]} Nc4
{[%clk 0:16:00]} 35. Qb3 {[%clk 0:06:22]} Nxd2 {[%clk 0:11:42]} 36. Rxd2
{[%clk 0:06:50]} Rec7 {[%clk 0:11:54]} 37. Qb1 {[%clk 0:04:06]} g6
{[%clk 0:12:15]} 38. Re2 {[%clk 0:04:16]} Rc4 {[%clk 0:09:01]} 39. g5
{[%clk 0:02:28]} R8c7 {[%clk 0:07:03]} 40. Qg1 {[%clk 0:01:36]} Rc2
{[%clk 0:06:50]} 41. Qh2 {[%clk 0:27:09]} Kf8 {[%clk 0:35:49]} 42. Rhe1
{[%clk 0:26:21]} Qf5 {[%clk 0:30:38]} 43. Qd6+ {[%clk 0:22:42]} Kg7
{[%clk 0:28:23]} 44. Qd8 {[%clk 0:21:48]} Rc8 {[%clk 0:20:26]} 45. Qe7
{[%clk 0:21:10]} R2c7 {[%clk 0:19:11]} 46. Qe5+ {[%clk 0:21:25]} Qxe5
{[%clk 0:19:16]} 47. dxe5 {[%clk 0:21:54]} Kf8 {[%clk 0:19:08]} 48. Rd1
{[%clk 0:21:19]} Rd7 {[%clk 0:13:55]} 49. Red2 {[%clk 0:19:47]} Rc5
{[%clk 0:13:26]} 50. f4 {[%clk 0:11:04]} Ke7 {[%clk 0:13:32]} 51. Kf3
{[%clk 0:10:35]} Ke6 {[%clk 0:13:41]} 52. g4 {[%clk 0:10:51]} Ra5
{[%clk 0:12:06]} 53. Rh1 {[%clk 0:10:00]} Rc7 {[%clk 0:10:46]} 54. Rh8
{[%clk 0:09:07]} Rc1 {[%clk 0:10:20]} 55. Rd8 {[%clk 0:07:23]} Rf1+
{[%clk 0:10:17]} 56. Ke2 {[%clk 0:07:34]} Rg1 {[%clk 0:09:42]} 57. Rd6+
{[%clk 0:07:12]} Ke7 {[%clk 0:10:06]} 58. R6xd5 {[%clk 0:06:54]} Rxd5
{[%clk 0:10:09]} 59. Rxd5 {[%clk 0:07:22]} Rxg4 {[%clk 0:10:33]} 60. Kf3
{[%clk 0:07:05]} Rg1 {[%clk 0:10:48]} 61. Rd3 {[%clk 0:06:35]} Rc1
{[%clk 0:10:03]} 62. e4 {[%clk 0:05:32]} Rf1+ {[%clk 0:09:12]} 63. Ke3
{[%clk 0:05:23]} Re1+ {[%clk 0:08:52]} 64. Kd4 {[%clk 0:05:48]} Rf1
{[%clk 0:07:57]} 65. Ra3 {[%clk 0:04:54]} a5 {[%clk 0:07:59]} 66. Rb3
{[%clk 0:04:10]} Rxf4 {[%clk 0:08:06]} 67. Rxb6 {[%clk 0:04:23]} Rf2
{[%clk 0:07:27]} 68. e6 {[%clk 0:04:17]} Rxa2 {[%clk 0:06:33]} 69. Ke5
{[%clk 0:04:34]} fxe6 {[%clk 0:06:00]} 70. Rb7+ {[%clk 0:04:39]} Kd8
{[%clk 0:04:47]} 71. Kxe6 {[%clk 0:04:52]} Re2 {[%clk 0:03:22]} 72. e5
{[%clk 0:05:04]} a4 {[%clk 0:03:25]} 73. Ra7 {[%clk 0:05:16]} Re4
{[%clk 0:02:36]} 74. Kf6 {[%clk 0:05:39]} Ke8 {[%clk 0:01:32]} 75. e6
{[%clk 0:05:48]} Kd8 {[%clk 0:01:23]} 76. e7+ {[%clk 0:05:42]} Ke8
{[%clk 0:00:41]} 77. Ra8+ {[%clk 0:06:03]} Kd7 {[%clk 0:01:06]} 78. Rd8+
{[%clk 0:06:28]} 1-0

[Event "WCO2014"]
[Site "Tromso"]
[Date "2014.08.03"]
[Round "2.48"]
[WhiteID "7101937"]
[White "Sukandar Irine Kharisma"]
[BlackID "1800183"]
[Black "Richmond Jane"]
[Result "1-0"]
[LiveChessVersion "1.4.3"]
[BlackElo "2085"]
[WhiteElo "2396"]

1. e4 {[%clk 1:30:54]} e5 {[%clk 1:30:56]} 2. Nf3 {[%clk 1:31:01]} Nc6
{[%clk 1:31:22]} 3. Bb5 {[%clk 1:31:19]} a6 {[%clk 1:31:46]} 4. Ba4
{[%clk 1:31:39]} d6 {[%clk 1:32:11]} 5. c3 {[%clk 1:31:53]} Bd7 {[%clk 1:30:03]}
6. O-O {[%clk 1:32:16]} Nge7 {[%clk 1:30:19]} 7. d4 {[%clk 1:32:37]} Ng6
{[%clk 1:30:34]} 8. Qe2 {[%clk 1:31:15]} Be7 {[%clk 1:28:59]} 9. Rd1
{[%clk 1:31:12]} Qc8 {[%clk 1:25:39]} 10. Nbd2 {[%clk 1:19:10]} O-O
{[%clk 1:12:28]} 11. dxe5 {[%clk 1:18:48]} dxe5 {[%clk 1:12:12]} 12. Nf1
{[%clk 1:16:49]} b5 {[%clk 0:59:48]} 13. Bc2 {[%clk 1:16:28]} Be6
{[%clk 0:51:18]} 14. Ng3 {[%clk 1:16:26]} f6 {[%clk 0:47:48]} 15. Nf5
{[%clk 1:14:19]} Bc5 {[%clk 0:47:25]} 16. a4 {[%clk 1:13:49]} b4 {[%clk 0:43:56]}
17. h4 {[%clk 1:12:53]} Nge7 {[%clk 0:41:58]} 18. h5 {[%clk 1:11:50]} Kh8
{[%clk 0:34:10]} 19. N3h4 {[%clk 1:10:59]} Rg8 {[%clk 0:25:00]} 20. Qf3
{[%clk 1:08:40]} Qe8 {[%clk 0:21:25]} 21. h6 {[%clk 0:57:58]} gxh6
{[%clk 0:16:32]} 22. Nxh6 {[%clk 0:57:53]} Rf8 {[%clk 0:16:11]} 23. N6f5
{[%clk 0:57:44]} Rg8 {[%clk 0:14:49]} 24. Nxe7 {[%clk 0:54:50]} Bxe7
{[%clk 0:13:59]} 25. Nf5 {[%clk 0:55:01]} Qg6 {[%clk 0:12:11]} 26. Be3
{[%clk 0:54:46]} Bf8 {[%clk 0:10:30]} 27. g3 {[%clk 0:51:05]} Qg4
{[%clk 0:08:05]} 28. Qxg4 {[%clk 0:51:12]} Rxg4 {[%clk 0:08:29]} 29. f3
{[%clk 0:51:13]} Rg8 {[%clk 0:08:15]} 30. Kf2 {[%clk 0:51:36]} Na5
{[%clk 0:07:29]} 31. cxb4 {[%clk 0:50:47]} Bxb4 {[%clk 0:07:26]} 32. Bd3
{[%clk 0:48:29]} Nb3 {[%clk 0:07:11]} 33. Rab1 {[%clk 0:48:40]} c5
{[%clk 0:05:57]} 34. Ne7 {[%clk 0:47:47]} Rgb8 {[%clk 0:05:08]} 35. Nd5
{[%clk 0:47:45]} Bxd5 {[%clk 0:04:16]} 36. exd5 {[%clk 0:48:13]} Rd8
{[%clk 0:04:29]} 37. Rh1 {[%clk 0:48:06]} Ra7 {[%clk 0:04:36]} 38. Rh6
{[%clk 0:47:48]} Rxd5 {[%clk 0:03:18]} 39. Bc4 {[%clk 0:47:46]} Nd2
{[%clk 0:03:44]} 40. Bxd5 {[%clk 0:47:58]} Nxb1 {[%clk 0:04:09]} 41. Rxf6
{[%clk 0:48:12]} Kg7 {[%clk 0:28:37]} 42. Re6 {[%clk 1:15:59]} Rd7
{[%clk 0:26:05]} 43. Bh6+ {[%clk 1:15:27]} Kf7 {[%clk 0:26:05]} 44. Rxe5+
{[%clk 1:13:16]} Kg6 {[%clk 0:24:27]} 45. Re6+ {[%clk 1:13:36]} Kf7
{[%clk 0:24:48]} 46. Rd6+ {[%clk 1:13:56]} Ke7 {[%clk 0:25:11]} 47. Rxd7+
{[%clk 1:14:18]} Kxd7 {[%clk 0:25:36]} 48. Ke2 {[%clk 1:14:31]} Bc3
{[%clk 0:23:38]} 49. Be4 {[%clk 1:14:04]} Bxb2 {[%clk 0:24:01]} 50. Bxb1
{[%clk 1:14:28]} 1-0